| 000 | 00972nam a2200193 i 4500 | ||
|---|---|---|---|
| 001 | 158560 | ||
| 003 | ES-MaACL | ||
| 005 | 20230906211211.0 | ||
| 008 | 990902s1877 sp |||| | spa d | ||
| 040 |
_aCCPB | B _bspa _cCCPB | B |
||
| 100 | 1 |
_aZafra, Diego José Rodríguez de Bahamonde Lanz _cMarqués de. _9134009 |
|
| 245 | 1 | 0 | _aInforme pronunciado en defensa de Pedro Arranz y Cirbian ante la Audiencia de Madrid en la vista de la causa incoada a virtud de querella de Jose Maldonado y Marzo y seguida por los supuestos delitos de allanamiento de morada y usurpacion. |
| 260 |
_aMadrid : _b[s.n.], _c1877 ( _fImprenta de T. Fortanet) |
||
| 300 |
_a91 p. ; _c27 cm. |
||
| 594 | _aPrecede al tít.: Trabajos forenses del doctor don Diego de Bahamonde y de Lanz. | ||
| 600 | 1 | 4 |
_aMaldonado y Marzo, Jose. _9129375 |
| 700 | 1 |
_aArranz y Cirbian, Pedro. _9125717 |
|
| 852 |
_aES-MaACL _jT-781-F-4 _z-- Enc. hol. conservando la cub. original _z-- Enc. en un vol. facticio |
||
| 999 |
_c158560 _d158560 |
||